Selected books on agricultural science

The following list contains books in the field of agriculture, to be purchased for the CTUL. Baisc for the selection was a search for books in the field of Agriculture on the BookFind CD-ROM, resulting in approximately 2500 available titles. A list of the titles produced from this database circu;aed...

وصف كامل

محفوظ في:
التفاصيل البيبلوغرافية
المؤلف الرئيسي: Trần, Minh Thành
التنسيق: كتاب
اللغة:Undetermined
منشور في: Cần Thơ MHO1 1995
الموضوعات:
الوسوم: إضافة وسم
لا توجد وسوم, كن أول من يضع وسما على هذه التسجيلة!
Thư viện lưu trữ: Trung tâm Học liệu Trường Đại học Cần Thơ
LEADER 00869nam a2200193Ia 4500
001 CTU_44106
008 210402s9999 xx 000 0 und d
082 |a 016.63 
082 |b Th107 
100 |a Trần, Minh Thành 
245 0 |a Selected books on agricultural science 
245 0 |c Trần Minh Thành 
260 |a Cần Thơ 
260 |b MHO1 
260 |c 1995 
520 |a The following list contains books in the field of agriculture, to be purchased for the CTUL. Baisc for the selection was a search for books in the field of Agriculture on the BookFind CD-ROM, resulting in approximately 2500 available titles. A list of the titles produced from this database circu;aed among the agricultural faculties. 
650 |a Agricultural bibliography 
904 |i Nguyễn Quang Điền 
980 |a Trung tâm Học liệu Trường Đại học Cần Thơ